| 000 | 00812nam a2200253 a 4500 | ||
|---|---|---|---|
| 008 | |||
| 020 | _a0727716662(hbk.) | ||
| 049 | _aMAIN | ||
| 090 | _aTH215 | ||
| 100 | 1 | _aFisher, Norman | |
| 245 | 1 | 0 |
_aInformation management in a contractor : _ba model of the flow of project data / _cNorman Fisher and Shen Li Yin. |
| 260 |
_aLondon : _bThomas Telford, _c1992. |
||
| 300 |
_a260 p. : _bill. ; _c25 cm. |
||
| 504 | _aIncludes bibliographical references. | ||
| 650 | 0 |
_aBuilding _xData processing. |
|
| 650 | 0 |
_aConstruction industry _xData processing. |
|
| 650 | 0 | _aManagement information systems. | |
| 700 | 1 | _aShen, Li Yin. | |
| 907 |
_a.b10017161 _b26-09-05 _c17-04-03 |
||
| 003 | |||
| 005 | 20230123134004.0 | ||
| 040 | _cNUST | ||
| 942 |
_cBOOKS _kTH215 |
||
| 999 |
_c158104 _d158104 |
||